ბათუმის შოთა რუსთაველის სახელმწიფო უნივერსიტეტის ბიბლიოთეკა

სიმფეროპოლიდან ბუდაპეშტამდე (ბიბ.ჩანაწერი № 49088)

000 -LEADER
fixed length control field 00804nam a2200229Ia 4500
001 - CONTROL NUMBER
control field 15995
003 - CONTROL NUMBER IDENTIFIER
control field GE_BSU
008 - FIXED-LENGTH DATA ELEMENTS--GENERAL INFORMATION
fixed length control field 181216s||||||||xx |||||||||||||| ||und||
040 ## - CATALOGING SOURCE
Transcribing agency GE_BSU
080 ## - UNIVERSAL DECIMAL CLASSIFICATION NUMBER
Universal Decimal Classification number 821.353.1-4
100 ## - MAIN ENTRY--PERSONAL NAME
Personal name ჯორბენაძე, გ.
245 ## - TITLE STATEMENT
Title სიმფეროპოლიდან ბუდაპეშტამდე
245 ## - TITLE STATEMENT
Remainder of title დოკ. მოთხრობები
245 ## - TITLE STATEMENT
Statement of responsibility, etc. ლ.ბეჟანიძე. მხ. ლ.სეიდიშვილი
260 ## - PUBLICATION, DISTRIBUTION, ETC.
Place of publication, distribution, etc. ბათუმი
260 ## - PUBLICATION, DISTRIBUTION, ETC.
Name of publisher, distributor, etc. საბჭ. აჭარა
260 ## - PUBLICATION, DISTRIBUTION, ETC.
Date of publication, distribution, etc. 1973
300 ## - PHYSICAL DESCRIPTION
Extent 67 გვ. ; 16 სმ.
653 ## - INDEX TERM--UNCONTROLLED
Uncontrolled term დოკ. მოთხრობები
653 ## - INDEX TERM--UNCONTROLLED
Uncontrolled term სიმფეროპოლიდან ბუდაპეშტამდე
942 ## - ADDED ENTRY ELEMENTS (KOHA)
Koha item type წიგნი
ეგზემპლარები
Withdrawn status Lost status Damaged status Not for loan Date acquired Barcode Date last seen Price effective from Koha item type
        2018-12-17 39794 2018-12-17 2018-12-17 წიგნი